| 000 | 00604npc a2200217Ia 4500 | ||
|---|---|---|---|
| 001 | te12-2408 [d000002528] | ||
| 003 | IT-MiCISF | ||
| 008 | 161014s9999||||xx | und|| | ||
| 040 |
_aIT-MiCISF _cIT-MiCISF |
||
| 041 | _aen | ||
| 100 | _aSharman Anne-Marie (a cura di) | ||
| 240 | _aOlder Women in Development | ||
| 245 | 0 | _aOlder Women in Development | |
| 250 | _a1a ed. | ||
| 260 |
_a London _bHelpage International _c1995 |
||
| 300 | _app. 20 | ||
| 500 | _a / donna-anziana, cura, reddito, sviluppo-economico / | ||
| 650 | _aterza-età | ||
| 942 | _cDD | ||
| 957 | _71 | ||
| 999 |
_a2408 _bsi _g1 _c205899 _d205899 |
||